000 00398nam a2200169Ia 4500
005 20240823005424.0
008 240823s9999||||xx |||||||||||||| ||und||
082 _A536.7 N6
100 _aRao Y V C
245 0 _aTheory and Problems of Thermodynamics
250 _a1st
260 _c1996
_b"New Age,New Delhi"
500 _aYES
650 _aPhysics
_bPhysics
942 _cBK
999 _c155668
_d155668